[Event "CRO Ch women"]
[Site "Djurdjevac"]
[Date "2020.09.06"]
[Round "8.1"]
[White "Berke, Ana"]
[Black "Saric, Kristina"]
[Result "1/2-1/2"]
[WhiteElo "2127"]
[BlackElo "2218"]
[PlyCount "115"]
[EventDate "2020.09.01"]
[EventType "swiss"]
[EventRounds "9"]
[EventCountry "CRO"]
[WhiteClock "1:30:00"]
[BlackClock "1:30:00"]

{[%evp 0,115,58,31,54,84,100,26,17,-6,-71,-39,-20,-13,-1,-36,-7,13,26,-52,22,
39,66,45,97,91,93,92,110,82,93,99,110,75,51,39,39,43,63,-4,-24,-21,-21,-29,-36,
-36,-53,-64,-61,-61,-60,-40,-33,-26,-24,-34,-16,-22,-16,-16,4,13,9,8,24,14,3,
-13,-19,-19,-15,-26,-38,-28,-35,-59,-59,-56,-47,-71,-43,-39,46,-15,-2,-24,-21,
-14,-14,-46,-7,-56,0,20,20,100,50,172,172,121,151,151,151,125,125,0,0,0,0,27,
39,43,43,43,43,30,30,0]} 1. e4 c5 2. Nf3 e6 3. c4 Nc6 4. d4 cxd4 5. Nxd4 Nf6 6.
Nc3 Bb4 7. Nxc6 dxc6 8. Qxd8+ Kxd8 9. e5 Nd7 10. Bf4 f6 11. O-O-O f5 12. Kc2
Be7 13. h4 Ke8 14. f3 Rf8 15. Be2 a5 16. Rd2 a4 17. g3 Ra5 18. Rhd1 Nxe5 19.
Bxe5 Rxe5 20. Nxa4 Kf7 21. a3 Re3 22. Nb6 e5 23. Nxc8 Rxc8 24. h5 Kf6 25. g4 f4
26. Rf1 Bc5 27. Bd3 g6 28. hxg6 hxg6 29. g5+ Kf7 30. Be4 Bd4 31. Rh1 Rg8 32.
Rh3 Re1 33. Rdh2 Rg1 34. Rh7+ Rg7 35. Rh8 Rxg5 36. b4 Rg1 37. b5 cxb5 38. cxb5
Kf6 39. Rc8 Ra1 40. Kb3 Bg1 41. Rd2 Bd4 42. Rg2 g5 43. Rf8+ Ke6 44. Rh2 Rxa3+
45. Kb4 Rc3 46. Rh6+ Ke7 47. Rb8 Rc7 48. b6 Bxb6 49. Rxb6 g4 50. R8xb7 Rxb7 51.
Rxb7+ Kf6 52. Rxg7 Kxg7 53. fxg4 Kf6 54. Kc3 Kg5 55. Bf5 f3 56. Kd2 Kf4 57. Ke1
e4 58. Bxe4 1/2-1/2

[Event "CRO Ch women"]
[Site "Djurdjevac"]
[Date "2020.09.06"]
[Round "8.2"]
[White "Vujnovic, Patricija"]
[Black "Blazeka, Mihaela"]
[Result "1-0"]
[WhiteElo "2098"]
[BlackElo "2027"]
[PlyCount "81"]
[EventDate "2020.09.01"]
[EventType "swiss"]
[EventRounds "9"]
[EventCountry "CRO"]
[WhiteClock "1:30:00"]
[BlackClock "1:30:00"]

{[%evp 0,81,42,7,44,0,7,-6,8,28,43,-21,30,1,41,26,26,27,35,14,30,14,18,14,15,
25,19,19,29,16,29,37,37,25,45,41,72,71,37,23,30,-26,64,7,6,0,26,4,8,11,15,15,
13,-3,87,-81,-38,-11,-11,-3,5,-11,-1,17,236,-15,34,12,1,-2,65,65,87,67,96,105,
124,46,158,81,344,505,508,519]} 1. Nf3 Nf6 2. b3 e6 3. Bb2 b6 4. e3 Bb7 5. c4
c5 6. Be2 d6 7. O-O Nbd7 8. Nc3 Be7 9. Qc2 O-O 10. Rad1 Rc8 11. Qb1 Qc7 12. d4
cxd4 13. Nxd4 a6 14. Rfe1 Nc5 15. Bf3 Rfd8 16. Bxb7 Qxb7 17. e4 Bf8 18. h3 g6
19. Bc1 Bg7 20. Bg5 Re8 21. Bh4 Nh5 22. f3 Qa7 23. Bf2 Qe7 24. Qc1 Be5 25. Nce2
Qf6 26. Qe3 d5 27. g3 dxe4 28. fxe4 Red8 29. Nf3 a5 30. Kg2 Kg7 31. Ned4 h6 32.
Nb5 Kh7 33. Nbd4 Rd7 34. Nxe5 Qxe5 35. Nf3 Qb2 36. Rxd7 Nxd7 37. Re2 Qa1 38.
Qd2 Nc5 39. Bd4 Qb1 40. Bxc5 Rxc5 41. Re1 1-0

[Event "CRO Ch women"]
[Site "Djurdjevac"]
[Date "2020.09.06"]
[Round "8.3"]
[White "Cvitan, Ena"]
[Black "Radikovic, Anamarija"]
[Result "0-1"]
[WhiteElo "2242"]
[BlackElo "1974"]
[PlyCount "76"]
[EventDate "2020.09.01"]
[EventType "swiss"]
[EventRounds "9"]
[EventCountry "CRO"]
[WhiteClock "1:29:00"]
[BlackClock "1:30:00"]

{[%evp 0,76,28,28,28,-36,-29,-29,-14,-39,-35,-42,-10,-19,34,16,29,30,56,45,45,
50,56,18,68,85,98,70,102,60,63,22,42,42,44,24,107,29,67,63,105,7,11,-27,11,11,
62,-65,-20,-51,-55,-51,-55,-59,-25,-30,113,-71,-49,-91,-47,-30,-1,-25,105,90,
119,119,-77,-77,-217,-184,-184,-340,-340,-361,-361,-877,-877]} 1. d4 Nf6 2. c4
e6 3. Nc3 d5 4. cxd5 exd5 5. Bg5 c6 6. e3 Be7 7. Bd3 Nbd7 8. Nge2 O-O 9. O-O
Re8 10. f3 h6 11. Bh4 c5 12. Rc1 a6 13. Qd2 cxd4 14. Nxd4 Ne5 15. b3 Nxd3 16.
Qxd3 Qa5 17. Rfd1 Bd7 18. b4 Bxb4 19. Bxf6 Bxc3 20. Nb3 Qxa2 21. Qxc3 gxf6 22.
Nc5 Bc6 23. Rd4 Re5 24. Ra1 Qe2 25. Re1 Qa2 26. Nd3 Rg5 27. Nf4 Re8 28. h4 Rge5
29. g4 a5 30. Nh5 R8e6 31. Rf4 d4 32. Qxd4 Rd5 33. Nxf6+ Rxf6 34. Qxf6 Rd2 35.
Re2 Rxe2 36. Qd8+ Kg7 37. Qf6+ Kh7 38. Qf5+ Kg8 0-1

[Event "CRO Ch women"]
[Site "Djurdjevac"]
[Date "2020.09.06"]
[Round "8.4"]
[White "Dejanovic, Tereza"]
[Black "Medic, Mirjana"]
[Result "1-0"]
[WhiteElo "1792"]
[BlackElo "2207"]
[PlyCount "99"]
[EventDate "2020.09.01"]
[EventType "swiss"]
[EventRounds "9"]
[EventCountry "CRO"]
[WhiteClock "1:30:00"]
[BlackClock "1:30:00"]

{[%evp 0,99,28,13,33,39,19,31,49,29,29,-6,-9,-70,-55,-74,-38,-48,-40,-33,-28,
-68,-47,-38,-2,5,28,-4,31,20,16,-18,53,61,91,13,97,42,51,49,49,54,52,41,60,3,
65,66,56,39,70,24,47,47,77,117,112,118,113,93,90,89,125,125,135,127,147,181,
181,181,187,187,186,186,200,225,226,175,238,235,238,254,259,269,269,235,250,
267,266,211,211,273,273,273,754,873,873,886,928,1030,1030,981]} 1. e4 e6 2. d4
d5 3. Nd2 Nf6 4. e5 Nfd7 5. f4 c5 6. c3 Nc6 7. Ndf3 cxd4 8. cxd4 Bb4+ 9. Bd2
Qb6 10. Bxb4 Qxb4+ 11. Qd2 Qb6 12. Ne2 f6 13. Nc3 a6 14. Bd3 O-O 15. Na4 Qd8
16. O-O b5 17. Nc3 Nb6 18. b3 Bd7 19. Rac1 Rc8 20. Ne2 Qe7 21. Bb1 f5 22. Ne1
b4 23. Nd3 a5 24. Nc5 Na7 25. a4 bxa3 26. Qxa5 Bb5 27. Rfe1 Bxe2 28. Rxe2 Rb8
29. Qxa3 Nc6 30. Qb2 Nc4 31. Qc3 Na3 32. Bd3 Nb4 33. Ra1 Nxd3 34. Qxd3 Nb5 35.
Ra5 Nc7 36. Ra7 Qd8 37. Rea2 Rb6 38. Qd2 h6 39. Qa5 Rc6 40. Qa4 Qe8 41. b4 Rf7
42. Qa5 Qb8 43. Rb7 Qc8 44. Qa7 Nb5 45. Rxf7 Nxa7 46. Raxa7 Rxc5 47. Rxg7+ Kf8
48. dxc5 Qc6 49. Raf7+ Ke8 50. Rc7 1-0

[Event "CRO Ch women"]
[Site "Djurdjevac"]
[Date "2020.09.06"]
[Round "8.5"]
[White "Mihaljevic, Eva"]
[Black "Trgovac, Mira"]
[Result "1/2-1/2"]
[WhiteElo "1492"]
[BlackElo "2207"]
[PlyCount "41"]
[EventDate "2020.09.01"]
[EventType "swiss"]
[EventRounds "9"]
[EventCountry "CRO"]
[WhiteClock "1:30:00"]
[BlackClock "1:30:00"]

{[%evp 0,41,28,19,43,15,15,-12,10,-8,59,33,47,-8,50,55,65,40,25,40,38,8,27,15,
35,-3,-5,-23,3,3,5,-14,-1,-1,0,-3,-4,-2,6,-15,-8,-4,10,10]} 1. d4 d5 2. Bf4 Nf6
3. e3 e6 4. c3 c5 5. Nd2 Bd6 6. Bg3 Qc7 7. Ngf3 Nbd7 8. Bd3 O-O 9. O-O b6 10.
e4 Bxg3 11. hxg3 cxd4 12. Nxd4 Bb7 13. Qe2 dxe4 14. Nxe4 Nxe4 15. Bxe4 Bxe4 16.
Qxe4 Nf6 17. Qe2 Rfd8 18. Rfe1 Qc5 19. Nb3 Qg5 20. Rad1 Nd5 21. Nd4 1/2-1/2

[Event "CRO Ch women"]
[Site "Djurdjevac"]
[Date "2020.09.06"]
[Round "8.6"]
[White "Smetisko, Marija"]
[Black "Koksa, Jelena"]
[Result "1-0"]
[WhiteElo "1924"]
[BlackElo "1843"]
[PlyCount "45"]
[EventDate "2020.09.01"]
[EventType "swiss"]
[EventRounds "9"]
[EventCountry "CRO"]
[WhiteClock "1:30:00"]
[BlackClock "1:30:00"]

{[%evp 0,45,43,42,42,42,42,18,40,25,-18,-79,-79,-79,-116,-140,-147,-147,-166,
-182,-151,-123,-123,-117,-95,-242,-112,-103,-41,-20,-13,-60,-24,-24,-6,-23,324,
324,324,355,355,371,389,401,401,392,392,379]} 1. e4 e5 2. Nf3 Nc6 3. Nc3 Nf6 4.
Bc4 Nxe4 5. Bxf7+ Kxf7 6. Nxe4 d5 7. Neg5+ Kg8 8. d4 h6 9. Nh3 Bxh3 10. gxh3
exd4 11. Nxd4 Qh4 12. Ne2 Qe4 13. O-O d4 14. Ng3 Qd5 15. Re1 Ne5 16. Re4 Bd6
17. Bf4 Nf3+ 18. Qxf3 Rf8 19. Qh5 Qxh5 20. Nxh5 Bxf4 21. Nxf4 Kf7 22. Rxd4 Rd8
23. Rad1 1-0

[Event "CRO Ch women"]
[Site "Djurdjevac"]
[Date "2020.09.06"]
[Round "8.7"]
[White "Purkic, Ruza"]
[Black "Muha, Magdalena"]
[Result "0-1"]
[WhiteElo "1474"]
[BlackElo "1771"]
[PlyCount "48"]
[EventDate "2020.09.01"]
[EventType "swiss"]
[EventRounds "9"]
[EventCountry "CRO"]
[WhiteClock "1:30:00"]
[BlackClock "1:30:00"]

{[%evp 0,48,21,-36,1,-26,44,52,44,24,59,51,69,48,64,34,44,49,81,46,89,62,71,40,
37,37,90,45,47,35,66,54,101,101,185,188,188,180,183,-30,-18,-130,-108,-135,
-122,-134,-127,-200,-548,-29993,-29994]} 1. c4 e6 2. Nc3 f5 3. Nf3 Nf6 4. g3
Be7 5. Bg2 O-O 6. O-O d6 7. b4 e5 8. d3 Qe8 9. Qb3 Kh8 10. a4 Qh5 11. Nd5 Nxd5
12. cxd5 c6 13. Ba3 f4 14. dxc6 bxc6 15. b5 Bh3 16. Bxh3 Qxh3 17. Nxe5 dxe5 18.
Bxe7 Re8 19. Qf7 Qd7 20. Qc4 Rxe7 21. Rac1 Re6 22. Rc2 Rh6 23. Qc5 Na6 24. bxc6
Qh3 0-1

[Event "CRO Ch women"]
[Site "Djurdjevac"]
[Date "2020.09.06"]
[Round "8.8"]
[White "Kovac, Petra"]
[Black "Smetisko, Lucija"]
[Result "0-1"]
[WhiteElo "1371"]
[BlackElo "1550"]
[PlyCount "80"]
[EventDate "2020.09.01"]
[EventType "swiss"]
[EventRounds "9"]
[EventCountry "CRO"]
[WhiteClock "1:30:00"]
[BlackClock "1:30:00"]

{[%evp 0,80,19,11,24,18,40,40,40,-52,29,21,11,-26,44,48,70,39,68,75,96,93,93,
23,-20,-66,-66,-72,-62,-70,-63,-81,-65,-133,-98,-123,-71,-121,-100,-112,-105,
-94,-60,-91,-58,-173,-161,-201,-158,-239,-236,-215,-236,-284,-226,-250,-203,
-156,-163,-207,-199,-212,-215,-177,-177,-192,-143,-143,-138,-140,177,-389,-437,
-437,-422,-422,-404,-547,-526,-807,-858,-882,-692]} 1. e4 e5 2. Nf3 Nc6 3. d4
exd4 4. Bc4 Bb4+ 5. c3 dxc3 6. O-O Nge7 7. a3 Bc5 8. b4 Bd6 9. Nxc3 Ne5 10.
Nxe5 Bxe5 11. Bd2 O-O 12. f4 Bd4+ 13. Kh1 d6 14. f5 Nc6 15. Bd5 Ne5 16. Qe1 c6
17. Ba2 b6 18. Qg3 Kh8 19. Rac1 Ba6 20. b5 cxb5 21. Ne2 Bc5 22. Bb4 Bb7 23. Rf4
g5 24. f6 Rg8 25. Rff1 Bxe4 26. Rcd1 Rg6 27. Bc3 Qe8 28. Bxe5 dxe5 29. Nc3 Bc6
30. Rf5 Bd4 31. Ne2 Rd8 32. Bb3 Bd5 33. Nxd4 Bxb3 34. Rxe5 Qd7 35. Nxb3 Qxd1+
36. Re1 Qd3 37. Qc7 Rxf6 38. Rg1 Rf1 39. Qe5+ f6 40. Qe7 Qd1 0-1

[Event "CRO Ch women"]
[Site "Djurdjevac"]
[Date "2020.09.07"]
[Round "9.1"]
[White "Dejanovic, Tereza"]
[Black "Vujnovic, Patricija"]
[Result "1/2-1/2"]
[WhiteElo "1792"]
[BlackElo "2098"]
[PlyCount "20"]
[EventDate "2020.09.01"]
[EventType "swiss"]
[EventRounds "9"]
[EventCountry "CRO"]
[WhiteClock "1:30:00"]
[BlackClock "1:30:00"]

{[%evp 0,20,58,32,56,56,50,19,8,-20,12,-39,-36,-11,20,-25,2,-31,-13,-19,18,-53,
26]} 1. e4 e5 2. Nf3 Nc6 3. Bb5 a6 4. Ba4 d6 5. c3 b5 6. Bc2 Be7 7. h3 Nf6 8.
O-O O-O 9. d4 Bb7 10. Re1 Re8 1/2-1/2

[Event "CRO Ch women"]
[Site "Djurdjevac"]
[Date "2020.09.07"]
[Round "9.2"]
[White "Muha, Magdalena"]
[Black "Berke, Ana"]
[Result "1/2-1/2"]
[WhiteElo "1771"]
[BlackElo "2127"]
[PlyCount "32"]
[EventDate "2020.09.01"]
[EventType "swiss"]
[EventRounds "9"]
[EventCountry "CRO"]
[WhiteClock "1:30:00"]
[BlackClock "1:30:00"]

{[%evp 0,32,32,5,13,-17,1,-22,0,-44,-40,-45,12,-14,24,-14,38,-17,41,40,1,13,42,
43,55,13,37,7,7,23,73,0,1,4,6]} 1. d4 d5 2. c4 e6 3. Nf3 Nf6 4. g3 dxc4 5. Qa4+
Nbd7 6. Qxc4 c5 7. Bg2 Be7 8. O-O O-O 9. Nc3 Nb6 10. Qd3 c4 11. Qc2 Nbd5 12. a3
Bd7 13. e4 Nxc3 14. bxc3 b5 15. Ng5 g6 16. h4 Rc8 1/2-1/2

[Event "CRO Ch women"]
[Site "Djurdjevac"]
[Date "2020.09.07"]
[Round "9.3"]
[White "Smetisko, Lucija"]
[Black "Saric, Kristina"]
[Result "0-1"]
[WhiteElo "1550"]
[BlackElo "2218"]
[PlyCount "96"]
[EventDate "2020.09.01"]
[EventType "swiss"]
[EventRounds "9"]
[EventCountry "CRO"]
[WhiteClock "1:30:00"]
[BlackClock "1:30:00"]

{[%evp 0,96,32,32,77,84,100,-2,1,-36,-9,-9,19,-35,-27,-33,-38,-20,-30,-13,-6,1,
-7,-48,-14,-8,-16,-40,-35,-58,-51,-48,-27,-60,-30,-61,-51,-37,33,-100,-69,-85,
-82,-63,-107,-47,-97,-215,-148,-124,-182,-257,-257,-436,-445,-445,-459,-415,
-415,-452,-406,-454,-395,-428,-362,-341,-327,-325,-275,-275,-265,-265,-268,
-263,-283,-273,-256,-258,-230,-231,-242,-277,-259,-287,-284,-299,-264,-305,
-636,-636,-619,-624,-313,-313,-336,-336,-422,-422,-436]} 1. e4 c5 2. Nf3 Nc6 3.
g3 d6 4. Bg2 Nf6 5. d3 g6 6. c3 Bg7 7. O-O O-O 8. Nbd2 e5 9. Nc4 b5 10. Ne3 Bb7
11. Ne1 Ne7 12. Qb3 Qd7 13. c4 a6 14. Nd5 Nfxd5 15. cxd5 f5 16. f4 c4 17. dxc4
bxc4 18. Qxc4 a5 19. Qb3 Ba6 20. Rf2 fxe4 21. Bxe4 Rab8 22. Qa3 exf4 23. gxf4
Qg4+ 24. Kh1 Qd1 25. Qxa5 Qd4 26. Kg1 Qxe4 27. Qxa6 Qxe1+ 28. Qf1 Qxf1+ 29.
Kxf1 Nxd5 30. Rb1 Nb4 31. b3 Rbc8 32. Ba3 Nd3 33. Rf3 Rxf4 34. Rxf4 Nxf4 35.
Bxd6 Nd5 36. a4 Rc6 37. Bg3 Bc3 38. Ke2 Bb4 39. Kd3 Kf7 40. Kd4 Ke6 41. Rf1 Rc2
42. Rf3 g5 43. Rd3 Bc5+ 44. Ke4 Nf6+ 45. Kf3 g4+ 46. Kf4 Re2 47. Kg5 Be3+ 48.
Kh4 Kf5 0-1

[Event "CRO Ch women"]
[Site "Djurdjevac"]
[Date "2020.09.07"]
[Round "9.4"]
[White "Radikovic, Anamarija"]
[Black "Mihaljevic, Eva"]
[Result "1-0"]
[WhiteElo "1974"]
[BlackElo "1492"]
[PlyCount "113"]
[EventDate "2020.09.01"]
[EventType "swiss"]
[EventRounds "9"]
[EventCountry "CRO"]
[WhiteClock "1:30:00"]
[BlackClock "1:30:00"]

{[%evp 0,113,24,13,13,13,84,78,61,37,65,1,6,8,15,9,15,8,-1,-15,-4,-33,-33,-20,
-21,-52,-45,-48,-7,-33,-22,-26,-19,-42,33,-31,-40,-42,6,-67,-64,-54,-18,-18,64,
50,59,65,65,65,65,52,81,78,78,75,75,72,95,107,104,89,106,56,82,79,119,56,47,
-25,-9,-17,69,94,94,104,116,111,148,112,128,98,115,128,131,130,131,114,125,113,
128,106,108,77,99,128,134,137,140,109,199,201,197,197,203,193,229,255,272,259,
259,256,317,351,345,359]} 1. d4 Nf6 2. Nf3 b5 3. a4 b4 4. c3 a5 5. g3 Bb7 6.
Bg2 e6 7. O-O Be7 8. Nbd2 O-O 9. Qc2 d5 10. Ne5 Nbd7 11. Ndf3 c5 12. dxc5 Bxc5
13. Bg5 Qb6 14. Nd3 Rac8 15. Nxc5 Qxc5 16. Qb3 Ba6 17. Be3 Qc4 18. Qxc4 Bxc4
19. Nd4 bxc3 20. bxc3 e5 21. Nf5 Bxe2 22. Rfe1 Bd3 23. Ne7+ Kh8 24. Nxc8 Rxc8
25. Red1 Rxc3 26. Rac1 Rxc1 27. Rxc1 h6 28. Rc6 d4 29. Bd2 Ne4 30. Bxe4 Bxe4
31. Rc8+ Kh7 32. Bxa5 Bd5 33. Bc7 Bb3 34. Ba5 Bxa4 35. f4 d3 36. Kf2 Kg6 37.
Ke3 Bc2 38. Rc6+ Kh5 39. h3 exf4+ 40. Kxf4 f6 41. Rc7 g5+ 42. Ke3 Ne5 43. Be1
Kg6 44. Bc3 h5 45. Rc5 Kf5 46. Ra5 Ke6 47. Ra6+ Kf7 48. Bxe5 fxe5 49. Rh6 Bb1
50. Rxh5 Kg6 51. Rh8 Bc2 52. Ra8 Bb1 53. Ra6+ Kf7 54. Kd2 Bc2 55. Rb6 Ba4 56.
Kxd3 Bd7 57. g4 1-0

[Event "CRO Ch women"]
[Site "Djurdjevac"]
[Date "2020.09.07"]
[Round "9.5"]
[White "Trgovac, Mira"]
[Black "Medic, Mirjana"]
[Result "1/2-1/2"]
[WhiteElo "1563"]
[BlackElo "2207"]
[PlyCount "86"]
[EventDate "2020.09.01"]
[EventType "swiss"]
[EventRounds "9"]
[EventCountry "CRO"]
[WhiteClock "1:30:00"]
[BlackClock "1:30:00"]

{[%evp 0,86,24,29,41,-29,32,19,19,-26,13,1,78,64,122,93,119,55,79,33,16,117,
141,93,102,123,123,123,125,124,189,97,156,29,105,76,76,90,81,81,81,17,26,17,46,
-1,28,-6,10,24,37,2,36,5,45,16,22,-1,10,-8,-14,-36,-11,-43,-24,-17,-17,-26,16,
11,8,8,-14,-7,23,-8,32,-1,38,12,5,-21,14,-14,-9,-80,-46,-65,28]} 1. d4 e6 2. c4
f5 3. g3 Nf6 4. Bg2 d5 5. Nf3 c6 6. Nc3 Bd6 7. O-O O-O 8. Qb3 b6 9. a4 Nbd7 10.
Ng5 Ba6 11. cxd5 exd5 12. Ne6 Qe7 13. Nxf8 Rxf8 14. Qc2 f4 15. Bf3 Qe6 16. Kh1
Ng4 17. Bxg4 Qxg4 18. Bxf4 Bxf4 19. gxf4 Qxf4 20. f3 Qxd4 21. Rg1 Ne5 22. Rg3
Bc8 23. Rag1 g6 24. Qc1 Qf4 25. Rg5 Nc4 26. Qxf4 Rxf4 27. b4 Nd6 28. b5 d4 29.
Nd1 c5 30. Nb2 Bf5 31. Rd1 Nf7 32. Rgg1 Ne5 33. Rc1 Kf7 34. Nc4 Nxc4 35. Rxc4
Be6 36. Rcc1 Kf6 37. Kg2 Bd5 38. Rgf1 g5 39. Kg3 h5 40. h3 h4+ 41. Kh2 Kg6 42.
Rfd1 Be6 43. Kg2 Bd5 1/2-1/2

[Event "CRO Ch women"]
[Site "Djurdjevac"]
[Date "2020.09.07"]
[Round "9.6"]
[White "Cvitan, Ena"]
[Black "Smetisko, Marija"]
[Result "1-0"]
[WhiteElo "2242"]
[BlackElo "1924"]
[PlyCount "49"]
[EventDate "2020.09.01"]
[EventType "swiss"]
[EventRounds "9"]
[EventCountry "CRO"]
[WhiteClock "1:28:00"]
[BlackClock "1:30:00"]

{[%evp 0,49,29,23,12,-29,38,53,45,74,75,56,56,69,64,61,87,51,168,140,191,114,
114,93,114,78,108,99,107,117,107,112,162,162,162,141,207,197,209,218,218,217,
209,224,251,256,301,274,334,357,433,432]} 1. d4 Nf6 2. c4 g6 3. Nc3 d5 4. cxd5
Nxd5 5. e4 Nxc3 6. bxc3 Bg7 7. Bc4 c5 8. Ne2 Bg4 9. f3 Bd7 10. Qb3 O-O 11. d5
Qc8 12. Be3 e6 13. Kf2 Na6 14. Nf4 e5 15. Nd3 Re8 16. Bxa6 bxa6 17. Nxc5 Rd8
18. Rab1 Bh6 19. Bxh6 Qxc5+ 20. Be3 Qd6 21. c4 Rab8 22. Qc3 Rxb1 23. Rxb1 Rb8
24. c5 Qc7 25. d6 1-0

[Event "CRO Ch women"]
[Site "Djurdjevac"]
[Date "2020.09.07"]
[Round "9.7"]
[White "Koksa, Jelena"]
[Black "Purkic, Ruza"]
[Result "1-0"]
[WhiteElo "1843"]
[BlackElo "1474"]
[PlyCount "57"]
[EventDate "2020.09.01"]
[EventType "swiss"]
[EventRounds "9"]
[EventCountry "CRO"]
[WhiteClock "1:30:00"]
[BlackClock "1:30:00"]

{[%evp 0,57,23,19,100,77,136,131,126,112,112,68,101,38,45,21,41,39,84,86,84,84,
84,45,45,50,26,26,378,395,396,358,358,369,374,384,399,413,411,422,448,369,426,
390,413,404,404,386,421,407,442,439,580,580,1035,1111,29995,29996,29999,-30000]
} 1. e4 c5 2. Nf3 g6 3. d4 cxd4 4. Nxd4 Nc6 5. Be3 Bg7 6. c4 Nf6 7. Nc3 O-O 8.
Be2 e6 9. O-O d5 10. cxd5 exd5 11. exd5 Nxd5 12. Nxd5 Qxd5 13. Bf3 Qd6 14. Nxc6
Qc7 15. Nd4 Rd8 16. Qa4 a6 17. Rfd1 Bd7 18. Qb3 Rab8 19. Rac1 Qa5 20. Qc3 Qe5
21. Qc5 Qe8 22. Re1 Rbc8 23. Qb6 Rxc1 24. Rxc1 Bxd4 25. Qxd4 Bc6 26. Qf6 Bxf3
27. Bh6 Rd1+ 28. Rxd1 Bxd1 29. Qg7# 1-0

[Event "CRO Ch women"]
[Site "Djurdjevac"]
[Date "2020.09.07"]
[Round "9.8"]
[White "Blazeka, Mihaela"]
[Black "Kovac, Petra"]
[Result "1-0"]
[WhiteElo "2027"]
[BlackElo "1371"]
[PlyCount "61"]
[EventDate "2020.09.01"]
[EventType "swiss"]
[EventRounds "9"]
[EventCountry "CRO"]
[WhiteClock "1:30:00"]
[BlackClock "1:30:00"]

{[%evp 0,61,23,13,50,31,42,8,38,-3,63,113,100,50,50,60,95,76,83,48,80,66,111,
94,63,-35,34,34,-8,-19,81,51,57,57,37,-54,-28,-48,-38,-52,-50,-62,-69,-71,-1,5,
8,-60,71,58,102,55,93,65,396,396,361,425,446,535,535,443,443,445]} 1. e4 e5 2.
Nf3 Nc6 3. Bb5 Bc5 4. O-O Nd4 5. Nxd4 Bxd4 6. c3 Bb6 7. d4 exd4 8. cxd4 c6 9.
Bc4 d5 10. exd5 cxd5 11. Re1+ Ne7 12. Bg5 f6 13. Bb5+ Bd7 14. Bd2 Bxd4 15.
Bxd7+ Qxd7 16. Bb4 Be5 17. f4 Bd6 18. Bxd6 Qxd6 19. Qa4+ Kf7 20. Nc3 Rhe8 21.
Kh1 Nc6 22. Qb3 Ne7 23. Rad1 Red8 24. Qxb7 Rdb8 25. Nb5 Qb4 26. Qd7 Rxb5 27. a3
Qc5 28. b4 Rxb4 29. axb4 Qxb4 30. Rxe7+ Qxe7 31. Qxd5+ 1-0